[Event "COL-ch sf"]
[Site "Pereira"]
[Date "2024.03.31"]
[Round "10"]
[White "Cano Alcaraz, Juan Jose"]
[Black "Montoya Echeverri, Sebastian"]
[Result "1-0"]
[WhiteElo "1858"]
[BlackElo "1955"]
[PlyCount "119"]
[EventDate "2024.03.26"]
[EventType "swiss"]
[EventRounds "11"]
[EventCountry "COL"]
[SourceTitle "CB14_2024"]
[SourceDate "2024.04.01"]
[SourceVersion "1"]
[SourceVersionDate "2024.04.01"]
[SourceQuality "1"]

1. e4 d6 2. d4 Nf6 3. Nc3 g6 4. Be3 Bg7 5. Qd2 Ng4 6. Bg5 h6 7. Bh4 Nd7 8. f3 Ngf6 9. 0-0-0 a6 10. e5 Nh7 11. f4 Nb6 12. Nf3 Bg4 13. Be2 Qd7 14. h3 Bxf3 15. Bxf3 d5 16. Bf2 e6 17. g4 Nc4 18. Qd3 Bf8 19. f5 g5 20. fxe6 fxe6 21. Qg6+ Kd8 22. Be2 b5 23. Rdf1 Qe8 24. Qd3 Rb8 25. Nd1 Be7 26. Bg3 Nf8 27. Rf2 a5 28. b3 Na3 29. Rhf1 a4 30. Rf7 axb3 31. axb3 Qc6 32. Rg7 Ra8 33. Rff7 Bb4 34. Rxc7 Qxc7 35. Rxc7 Kxc7 36. Nc3 Rb8 37. Bf3 Kd7 38. Bxd5 Bxc3 39. Qxc3 Rc8 40. Qb4 exd5 41. Qxa3 Rc6 42. Qa7+ Rc7 43. Qb6 Rh7 44. e6+ Nxe6 45. Qd6+ Kc8 46. Qxe6+ Rcd7 47. Qe8+ Kb7 48. Qb8+ Kc6 49. Qc8+ Kb6 50. Qc5+ Ka6 51. Qc6+ Ka7 52. Qxb5 Rhf7 53. Kb2 Rh7 54. Bb8+ Ka8 55. Bg3 Ka7 56. Be1 Rhf7 57. Bb4 Rh7 58. Bc5+ Ka8 59. Qa6+ Kb8 60. Bd6+ 1-0

[Event "COL-ch sf"]
[Site "Pereira"]
[Date "2024.03.26"]
[Round "1"]
[White "Galeano Reyes, Juan Esteban"]
[Black "Montoya Echeverri, Sebastian"]
[Result "0-1"]
[WhiteElo "1555"]
[BlackElo "1955"]
[PlyCount "92"]
[EventDate "2024.03.26"]
[EventType "swiss"]
[EventRounds "11"]
[EventCountry "COL"]
[SourceTitle "CB14_2024"]
[SourceDate "2024.04.01"]
[SourceVersion "1"]
[SourceVersionDate "2024.04.01"]
[SourceQuality "1"]

1. Nf3 d6 2. g3 g6 3. Bg2 Bg7 4. d3 e5 5. 0-0 Nc6 6. Bg5 Nge7 7. e4 h6 8. Be3 0-0 9. Qd2 Kh7 10. Nc3 Be6 11. Rad1 Nd4 12. Ne2 Bg4 13. Bxd4 exd4 14. b3 Qd7 15. Rfe1 c5 16. c3 dxc3 17. Nxc3 Nc6 18. Rc1 f5 19. Nd5 fxe4 20. Nh4 Bd4 21. Rf1 exd3 22. Qxd3 Ne5 23. Qc2 Qf7 24. Nf4 Bf5 25. Nxf5 Qxf5 26. Qxf5 Rxf5 27. Bxb7 Raf8 28. Nh3 Nd3 29. Rc2 d5 30. g4 Rf3 31. Kg2 Nb4 32. Rd2 R3f7 33. a3 Rxb7 34. axb4 Rxb4 35. Rd3 Rfb8 36. Rb1 g5 37. f4 Kg6 38. fxg5 hxg5 39. Nf2 a5 40. Nd1 a4 41. Ne3 Rxb3 42. Rdxb3 Rxb3 43. Rxb3 axb3 44. Nxd5 b2 45. Ne7+ Kf7 46. Nf5 b1Q 0-1

[Event "COL-ch sf"]
[Site "Pereira"]
[Date "2024.03.26"]
[Round "2"]
[White "Montoya Echeverri, Sebastian"]
[Black "Cordoba Roa, Angel Gabriel"]
[Result "1/2-1/2"]
[WhiteElo "1955"]
[BlackElo "2312"]
[PlyCount "88"]
[EventDate "2024.03.26"]
[EventType "swiss"]
[EventRounds "11"]
[EventCountry "COL"]
[SourceTitle "CB14_2024"]
[SourceDate "2024.04.01"]
[SourceVersion "1"]
[SourceVersionDate "2024.04.01"]
[SourceQuality "1"]

1. e4 e5 2. Nf3 Nc6 3. d4 exd4 4. Nxd4 Bb4+ 5. c3 Bc5 6. Bc4 d6 7. 0-0 Nf6 8. Re1 0-0 9. Bg5 h6 10. Bh4 Re8 11. Nxc6 bxc6 12. Nd2 a5 13. Qf3 g5 14. e5 Bg4 15. Qxc6 Rxe5 16. Rxe5 dxe5 17. Qxc5 Qxd2 18. Qc6 Kg7 19. Qxa8 Qxb2 20. Rf1 gxh4 21. Qxa5 c5 22. h3 Bf5 23. f4 Be4 24. Rf2 Qc1+ 25. Bf1 Bd3 26. Qxc5 e4 27. Qd4 e3 28. Qxd3 exf2+ 29. Kxf2 Qb2+ 30. Kg1 Qxa2 31. Qd4 Qb2 32. Qe5 Qb6+ 33. Kh1 Qb1 34. Kg1 Qb6+ 35. Qd4 Qb2 36. Bc4 Qc1+ 37. Bf1 Qb2 38. f5 Qc2 39. c4 Qxf5 40. Qxh4 Ne4 41. Qg4+ Qxg4 42. hxg4 Kf6 43. Bd3 Nc5 44. Be2 Ke5 1/2-1/2

[Event "Medellin de La Raza U2000 op"]
[Site "Medellin"]
[Date "2023.10.14"]
[Round "4"]
[White "Montoya Echeverri, Sebastian"]
[Black "Ossa Ramirez, Jesus Antonio"]
[Result "1-0"]
[WhiteElo "1909"]
[BlackElo "1568"]
[PlyCount "99"]
[EventDate "2023.10.12"]
[EventType "swiss"]
[EventRounds "9"]
[EventCountry "COL"]
[SourceTitle "Mega2024 Update 01"]
[Source "Chessbase"]
[SourceDate "2023.11.12"]
[SourceVersion "1"]
[SourceVersionDate "2023.11.12"]
[SourceQuality "1"]

1. e4 e5 2. Nf3 Nc6 3. d4 exd4 4. Nxd4 Bc5 5. Be3 Bb6 6. Nc3 Nge7 7. Bc4 Ne5 8. Be2 0-0 9. 0-0 Bxd4 10. Bxd4 d6 11. f4 N5c6 12. Be3 f5 13. Bd3 Be6 14. Qd2 Qe8 15. Rae1 Rd8 16. Nb5 Qd7 17. Nd4 Nxd4 18. Bxd4 c5 19. exf5 Bxf5 20. Bc3 Bxd3 21. Qxd3 d5 22. Be5 c4 23. Qe2 Ng6 24. Rf3 Nxe5 25. fxe5 Rxf3 26. e6 Qe7 27. Qxf3 d4 28. Qe4 b5 29. a4 bxa4 30. Rf1 Rf8 31. Rxf8+ Kxf8 32. Qa8+ Qe8 33. Qd5 d3 34. cxd3 cxd3 35. Kf2 a6 36. Ke3 Qb5 37. Qd8+ Qe8 38. Qd6+ Qe7 39. Qxa6 Qc5+ 40. Kxd3 Ke7 41. Qxa4 Qd5+ 42. Ke3 Qe5+ 43. Kf3 Qxb2 44. Qd7+ Kf6 45. Qf7+ Kg5 46. Qf4+ Kg6 47. Qe4+ Kf6 48. e7 Qa3+ 49. Kg4 Qxe7 50. Qf5# 1-0

[Event "Medellin Aristizabal Cup"]
[Site "Medellin"]
[Date "2022.07.10"]
[Round "5"]
[White "Montoya Echeverri, Sebastian"]
[Black "Bermudez, Tomas Alejandro"]
[Result "1-0"]
[WhiteElo "1761"]
[BlackElo "1384"]
[PlyCount "22"]
[EventDate "2022.07.08"]
[EventType "swiss"]
[EventRounds "7"]
[EventCountry "COL"]
[SourceTitle "CBM 209 Extra"]
[Source "ChessBase"]
[SourceDate "2022.09.30"]
[SourceVersion "1"]
[SourceVersionDate "2022.09.30"]
[SourceQuality "1"]

1. e4 g6 2. d4 Bg7 3. Nc3 Nc6 4. d5 Nd4 5. Be3 e5 6. dxe6 dxe6 7. Nf3 Nxf3+ 8. Qxf3 Ne7 9. Rd1 Bd7 10. Bc5 0-0 11. Qd3 Nd5 1-0

[Event "COL-ch U18"]
[Site "Medellin"]
[Date "2022.06.05"]
[Round "9"]
[White "Montoya Echeverri, Sebastian"]
[Black "Diaz Larrea, Juan Manuel"]
[Result "1/2-1/2"]
[WhiteElo "1787"]
[BlackElo "1745"]
[PlyCount "65"]
[EventDate "2022.06.01"]
[EventType "swiss"]
[EventRounds "9"]
[EventCountry "COL"]
[SourceTitle "CBM 208 Extra"]
[Source "ChessBase"]
[SourceDate "2022.07.31"]
[SourceVersion "1"]
[SourceVersionDate "2022.07.31"]
[SourceQuality "1"]

1. e4 e5 2. Nf3 Nc6 3. d4 exd4 4. Nxd4 Bc5 5. Be3 Qf6 6. c3 Nge7 7. Bc4 d5 8. exd5 Ne5 9. 0-0 0-0 10. Bb3 Ng4 11. Nd2 Qd6 12. N2f3 Nxe3 13. fxe3 Bf5 14. Nd2 Bd3 15. Nc4 Bxc4 16. Bxc4 Nxd5 17. Qf3 c6 18. Rae1 Rae8 19. Kh1 Qe5 20. Qh3 Qe4 21. Qg3 Nxe3 22. Rf4 Qxg2+ 23. Qxg2 Nxg2 24. Bxf7+ Kh8 25. Rxe8 Nxf4 26. Rxf8+ Bxf8 27. Ne6 Nxe6 28. Bxe6 g5 29. h4 gxh4 30. Kg2 Kg7 31. Bc8 b6 32. Kf3 Bd6 33. Bd7 1/2-1/2

[Event "COL-ch U18"]
[Site "Medellin"]
[Date "2022.06.03"]
[Round "5"]
[White "Montoya Echeverri, Sebastian"]
[Black "Leon Acevedo, Juan Alejandro"]
[Result "1-0"]
[WhiteElo "1787"]
[BlackElo "1882"]
[PlyCount "89"]
[EventDate "2022.06.01"]
[EventType "swiss"]
[EventRounds "9"]
[EventCountry "COL"]
[SourceTitle "CBM 208 Extra"]
[Source "ChessBase"]
[SourceDate "2022.07.31"]
[SourceVersion "1"]
[SourceVersionDate "2022.07.31"]
[SourceQuality "1"]

1. e4 c5 2. Nf3 e6 3. d4 cxd4 4. Nxd4 Nf6 5. Nc3 Nc6 6. Ndb5 Bb4 7. a3 Bxc3+ 8. Nxc3 d5 9. exd5 exd5 10. Bd3 0-0 11. 0-0 h6 12. Bf4 d4 13. Nb5 Nd5 14. Bg3 Qf6 15. Qd2 Be6 16. Be4 Rad8 17. Bd6 Nde7 18. Rfd1 Rxd6 19. Nxd6 Qe5 20. Bxc6 Nxc6 21. Nxb7 Rb8 22. Re1 Qd5 23. c4 dxc3 24. Qxd5 Bxd5 25. Rad1 Bb3 26. Rd7 Be6 27. Rxe6 fxe6 28. bxc3 Kf8 29. Kf1 Ne5 30. Rc7 Re8 31. Ke2 Re7 32. Rxe7 Kxe7 33. Na5 Kd6 34. f4 Nd7 35. Kd3 Nc5+ 36. Kd4 Nd7 37. Nc4+ Kc7 38. Ne5 Nf6 39. c4 a6 40. g4 Ne8 41. Nf7 Nf6 42. g5 hxg5 43. fxg5 Nd7 44. h4 Kc6 45. h5 1-0

[Event "COL-ch U18"]
[Site "Medellin"]
[Date "2022.06.01"]
[Round "1"]
[White "Varela Sanchez, David Yoel"]
[Black "Montoya Echeverri, Sebastian"]
[Result "0-1"]
[WhiteElo "1286"]
[BlackElo "1787"]
[PlyCount "70"]
[EventDate "2022.06.01"]
[EventType "swiss"]
[EventRounds "9"]
[EventCountry "COL"]
[SourceTitle "CBM 208 Extra"]
[Source "ChessBase"]
[SourceDate "2022.07.31"]
[SourceVersion "1"]
[SourceVersionDate "2022.07.31"]
[SourceQuality "1"]

1. e4 g6 2. d4 d6 3. f4 Bg7 4. Nf3 Nf6 5. Nc3 c5 6. Bb5+ Bd7 7. e5 Ng4 8. e6 Bxb5 9. exf7+ Kf8 10. Nxb5 Qa5+ 11. Nc3 cxd4 12. Nxd4 Bxd4 13. Qxd4 Nf6 14. 0-0 Nc6 15. Qe3 Qf5 16. Qd2 Kxf7 17. a3 d5 18. Ne2 Ne4 19. Qd1 Rhd8 20. c3 Kg8 21. Be3 Nd6 22. Ng3 Qf7 23. Qg4 e6 24. Rae1 Nf5 25. Bc1 Rac8 26. Ne2 d4 27. cxd4 Ncxd4 28. Nc3 Nc2 29. Re2 Nfd4 30. Re5 Nxa3 31. Ne4 Nc4 32. Rh5 Ne2+ 33. Kh1 Nxc1 34. Rxc1 Ne3 35. Rxc8 Rxc8 0-1

[Event "Medellin U2000 op"]
[Site "Medellin"]
[Date "2022.05.21"]
[Round "5"]
[White "Gallego Herrera, Santiago"]
[Black "Montoya Echeverri, Sebastian"]
[Result "1-0"]
[WhiteElo "1627"]
[BlackElo "1874"]
[PlyCount "119"]
[EventDate "2022.05.18"]
[EventType "swiss"]
[EventRounds "7"]
[EventCountry "COL"]
[SourceTitle "CBM 208 Extra"]
[Source "ChessBase"]
[SourceDate "2022.07.31"]
[SourceVersion "1"]
[SourceVersionDate "2022.07.31"]
[SourceQuality "1"]

1. d4 d6 2. Nf3 g6 3. e4 Bg7 4. Bd3 Nf6 5. Be3 Nc6 6. c3 0-0 7. d5 Nb8 8. Qb3 c5 9. c4 Nbd7 10. Nc3 Ng4 11. Bd2 Nge5 12. Be2 Nxf3+ 13. gxf3 f5 14. 0-0-0 f4 15. Rdg1 Nf6 16. h4 Nh5 17. Bd3 Bd7 18. Rh2 Qc7 19. Qc2 Be5 20. Rg5 Kh8 21. Rh1 a6 22. Ne2 b5 23. Bc3 Bf6 24. Rhg1 bxc4 25. Bxc4 Bb5 26. Bxb5 axb5 27. e5 dxe5 28. Qe4 Ra4 29. Qxe5 Qxe5 30. Bxe5 Rxa2 31. Kb1 Rfa8 32. Kc2 Ra1 33. Nc1 Rd8 34. Rd1 Kg7 35. d6 exd6 36. Bxf6+ Nxf6 37. Rxc5 dxc5 38. Rxd8 Ra4 39. Rb8 Rc4+ 40. Kb1 b4 41. Nd3 Kh6 42. Ne5 Rd4 43. Kc2 Rd5 44. Nd3 Rd4 45. Rc8 Kh5 46. Rxc5+ Kxh4 47. Kd2 h5 48. Ke2 Nd5 49. Nc1 Ne7 50. Nb3 Rd6 51. Nd2 Nf5 52. Ne4 Nd4+ 53. Kf1 Ra6 54. Kg2 Rc6 55. Rd5 Nf5 56. Rd1 Ne3+ 57. fxe3 Rc2+ 58. Rd2 Rc1 59. Nf2 g5 60. Rd1 1-0

[Event "COL-ch U2000"]
[Site "Pereira"]
[Date "2022.02.20"]
[Round "8"]
[White "Garces Trujillo, Luis Javier"]
[Black "Montoya Echeverri, Sebastian"]
[Result "0-1"]
[WhiteElo "1879"]
[BlackElo "1806"]
[PlyCount "108"]
[EventDate "2022.02.16"]
[EventType "swiss"]
[EventRounds "9"]
[EventCountry "COL"]
[SourceTitle "CBM 207 Extra"]
[Source "ChessBase"]
[SourceDate "2022.05.31"]
[SourceVersion "1"]
[SourceVersionDate "2022.05.31"]
[SourceQuality "1"]

1. d4 d6 2. Nf3 g6 3. g3 Bg7 4. Bg2 Nf6 5. c4 0-0 6. Nc3 c5 7. 0-0 Nc6 8. dxc5 dxc5 9. Qa4 Bd7 10. Qc2 Nd4 11. Nxd4 cxd4 12. Nd5 Nxd5 13. cxd5 Qb6 14. Bf4 Rac8 15. Qd2 Bb5 16. Rfe1 Rc5 17. Rac1 Rfc8 18. Bh3 Rxc1 19. Rxc1 Rc5 20. Rxc5 Qxc5 21. Bg2 b6 22. b3 Qc3 23. Bf3 Kf8 24. Kg2 a5 25. Bh6 Qxd2 26. Bxd2 Be5 27. Kh3 Ke8 28. Kh4 f6 29. Kh3 Kd7 30. Bg4+ Kd6 31. f4 Kxd5 32. Bf3+ Ke6 33. fxe5 Kxe5 34. Bf4+ Kf5 35. Bc7 e5 36. Bxb6 e4 37. Bg2 Bxe2 38. g4+ Kf4 39. Bc7+ Ke3 40. Kg3 Bf3 41. Bf1 d3 42. Bb6+ Kd2 43. Kf2 Kc2 44. Bxa5 d2 45. Bxd2 Kxd2 46. h3 Bd1 47. b4 e3+ 48. Kg3 e2 49. Bxe2 Bxe2 50. a4 Ke3 51. h4 f5 52. gxf5 gxf5 53. b5 f4+ 54. Kh3 f3 0-1

[Event "COL-ch U2000"]
[Site "Pereira"]
[Date "2022.02.19"]
[Round "6"]
[White "Lopez Ramirez, Jorge Hernan"]
[Black "Montoya Echeverri, Sebastian"]
[Result "1-0"]
[WhiteElo "1883"]
[BlackElo "1806"]
[PlyCount "51"]
[EventDate "2022.02.16"]
[EventType "swiss"]
[EventRounds "9"]
[EventCountry "COL"]
[SourceTitle "CBM 207 Extra"]
[Source "ChessBase"]
[SourceDate "2022.05.31"]
[SourceVersion "1"]
[SourceVersionDate "2022.05.31"]
[SourceQuality "1"]

1. e4 g6 2. d4 d6 3. Nc3 Bg7 4. Be2 Nf6 5. h4 h5 6. Nf3 a6 7. Ng5 b5 8. Bf3 c6 9. Bf4 Ng4 10. Qd3 Qb6 11. Be3 Nxe3 12. fxe3 Bb7 13. Ne2 c5 14. c3 Nc6 15. Nf4 e6 16. e5 cxd4 17. exd4 dxe5 18. Nxg6 Rh6 19. d5 exd5 20. Nxf7 Kxf7 21. Qxd5+ Ke8 22. Qg8+ Kd7 23. 0-0-0+ Nd4 24. Qxg7+ Kc8 25. Qxh6 Nxf3 26. gxf3 1-0

[Event "Medellin Luces op"]
[Site "Medellin"]
[Date "2021.12.19"]
[Round "4"]
[White "Montoya Echeverri, Sebastian"]
[Black "Iral Castro, Brahiam"]
[Result "0-1"]
[WhiteElo "1655"]
[BlackElo "1799"]
[PlyCount "64"]
[EventDate "2021.12.17"]
[EventType "swiss"]
[EventRounds "7"]
[EventCountry "COL"]
[SourceTitle "CBM 206 Extra"]
[Source "ChessBase"]
[SourceDate "2022.03.31"]
[SourceVersion "1"]
[SourceVersionDate "2022.03.31"]
[SourceQuality "1"]

1. e4 c5 2. Nf3 d6 3. d4 cxd4 4. Nxd4 Nf6 5. Nc3 a6 6. Bg5 e6 7. f4 h6 8. Bh4 Qb6 9. a3 Nc6 10. Bf2 Qc7 11. Be2 Be7 12. 0-0 0-0 13. f5 Ne5 14. Kh1 b5 15. Bg3 Rd8 16. Qe1 Qb6 17. fxe6 fxe6 18. Bxe5 dxe5 19. Nb3 Bb7 20. Bf3 Rac8 21. Qe2 Rd7 22. Rad1 Rxd1 23. Rxd1 Bxa3 24. bxa3 Rxc3 25. Rd3 Rc4 26. Qd1 Nxe4 27. Rd8+ Kh7 28. Qd3 Bd5 29. Rd7 Qf2 30. Bxe4+ Bxe4 31. Rxg7+ Kxg7 32. Qd7+ Qf7 0-1

[Event "COL Subzt 2.3.4"]
[Site "Risarald"]
[Date "2021.11.28"]
[Round "9"]
[White "Ramirez, Jorge Alonso"]
[Black "Montoya Echeverri, Sebastian"]
[Result "1/2-1/2"]
[WhiteElo "1921"]
[BlackElo "1655"]
[PlyCount "28"]
[EventDate "2021.11.23"]
[EventType "swiss"]
[EventRounds "9"]
[EventCountry "COL"]
[SourceTitle "CBM 205 Extra"]
[Source "ChessBase"]
[SourceDate "2022.01.31"]
[SourceVersion "1"]
[SourceVersionDate "2022.01.31"]
[SourceQuality "1"]

1. e4 g6 2. d4 d6 3. Bd3 Bg7 4. Ne2 Nf6 5. 0-0 0-0 6. f4 Na6 7. c3 c5 8. h3 Qb6 9. Nd2 cxd4 10. cxd4 Nb4 11. Bb1 Bd7 12. a3 Qa6 13. Nb3 Ba4 14. Be3 Rac8 1/2-1/2

[Event "COL Subzt 2.3.4"]
[Site "Risarald"]
[Date "2021.11.25"]
[Round "4"]
[White "Montoya Echeverri, Sebastian"]
[Black "Arias, Juan Carlos2222"]
[Result "1-0"]
[WhiteElo "1655"]
[BlackElo "1938"]
[PlyCount "63"]
[EventDate "2021.11.23"]
[EventType "swiss"]
[EventRounds "9"]
[EventCountry "COL"]
[SourceTitle "CBM 205 Extra"]
[Source "ChessBase"]
[SourceDate "2022.01.31"]
[SourceVersion "1"]
[SourceVersionDate "2022.01.31"]
[SourceQuality "1"]

1. e4 c5 2. Nf3 Nc6 3. d4 cxd4 4. Nxd4 Nf6 5. Nc3 g6 6. Nxc6 bxc6 7. e5 Ng8 8. Bc4 Bg7 9. Qf3 f6 10. 0-0 Qa5 11. Re1 f5 12. Bf4 Ba6 13. e6 d5 14. Nxd5 cxd5 15. Bxd5 Rd8 16. Rad1 Bxb2 17. c3 Bb5 18. Be5 Nf6 19. Bc6+ Bxc6 20. Qxc6+ Kf8 21. Rxd8+ Qxd8 22. Bxf6 Rg8 23. Qd7 Qe8 24. Be5 Ba3 25. Rd1 Bc5 26. Qb7 Bb6 27. Rd7 g5 28. Rxe7 Qxe7 29. Bd6 Bd8 30. Bxe7+ Bxe7 31. Qxa7 Rg6 32. Qd7 1-0

[Event "Medellin Raza op"]
[Site "Medellin"]
[Date "2021.10.10"]
[Round "8"]
[White "Bolanos Lopez, Juan Jacobo"]
[Black "Montoya Echeverri, Sebastian"]
[Result "0-1"]
[WhiteElo "1848"]
[BlackElo "1647"]
[PlyCount "88"]
[EventDate "2021.10.06"]
[EventType "swiss"]
[EventRounds "9"]
[EventCountry "COL"]
[SourceTitle "EXT 2023"]
[Source "ChessBase"]
[SourceDate "2022.10.05"]
[SourceVersion "1"]
[SourceVersionDate "2022.10.05"]
[SourceQuality "1"]

1. e4 g6 2. d4 Bg7 3. Nc3 d6 4. f4 Nf6 5. Nf3 c5 6. Bb5+ Bd7 7. e5 Ng4 8. Bxd7+ Qxd7 9. h3 cxd4 10. Qxd4 Nh6 11. Qf2 Nc6 12. Bd2 dxe5 13. fxe5 Qf5 14. Qh4 Qh5 15. Qxh5 gxh5 16. e6 fxe6 17. 0-0-0 Nf7 18. Rhe1 e5 19. Ne4 0-0-0 20. Neg5 Nxg5 21. Nxg5 Bh6 22. Ne4 Bxd2+ 23. Rxd2 Rxd2 24. Kxd2 Rg8 25. g3 Rf8 26. Re2 Nd4 27. Rf2 Rxf2+ 28. Nxf2 Nf5 29. Ne4 b6 30. g4 hxg4 31. hxg4 Nh6 32. Nf2 Kd7 33. Ke3 Kd6 34. Ke4 Nf7 35. Nh3 Ke6 36. c4 Nd6+ 37. Kd3 e4+ 38. Kd4 Kf6 39. b3 h6 40. Nf2 Kg5 41. Ke3 a6 42. Nxe4+ Kxg4 43. c5 Nxe4 44. cxb6 Nd6 0-1

[Event "Medellin Raza op"]
[Site "Medellin"]
[Date "2021.10.09"]
[Round "6"]
[White "Leal, Dayana Vanessa"]
[Black "Montoya Echeverri, Sebastian"]
[Result "1-0"]
[WhiteElo "1600"]
[BlackElo "1647"]
[PlyCount "116"]
[EventDate "2021.10.06"]
[EventType "swiss"]
[EventRounds "9"]
[EventCountry "COL"]
[SourceTitle "EXT 2023"]
[Source "ChessBase"]
[SourceDate "2022.10.05"]
[SourceVersion "1"]
[SourceVersionDate "2022.10.05"]
[SourceQuality "1"]

1. d4 d6 2. c4 e5 3. Nf3 e4 4. Ng5 f5 5. d5 Be7 6. Nh3 Nf6 7. Nc3 0-0 8. e3 Nbd7 9. Be2 Ne5 10. 0-0 c5 11. b3 Bd7 12. f3 exf3 13. Bxf3 Nxf3+ 14. Qxf3 Ng4 15. Bb2 Bf6 16. Nd1 Bxb2 17. Nxb2 Qf6 18. Nd3 Rae8 19. Rae1 Rxe3 20. Rxe3 Qd4 21. Ndf2 Qxe3 22. Qxe3 Nxe3 23. Re1 Re8 24. Nd3 Nc2 25. Rxe8+ Bxe8 26. Kf2 h6 27. Nhf4 Kf7 28. h4 Nd4 29. Ke3 Kf6 30. g3 g5 31. hxg5+ hxg5 32. Nh3 Bh5 33. Nhf2 a5 34. Nb2 Bg6 35. Na4 Nc2+ 36. Kd2 f4 37. gxf4 gxf4 38. Nc3 Ne3 39. Nb5 Nf5 40. Ke2 Nd4+ 41. Nxd4 cxd4 42. Kf3 Kf5 43. Ke2 Bh5+ 44. Kd3 Ke5 45. Kd2 f3 46. Nd3+ Kf5 47. Nf2 Kf4 48. Kd3 Kg3 49. Ne4+ Kg2 50. Kxd4 Bg6 51. Nd2 b6 52. a3 f2 53. b4 a4 54. c5 b5 55. cxd6 Be8 56. Ke5 Bd7 57. Kf6 f1Q+ 58. Nxf1 Kxf1 1-0

[Event "Medellin Raza op"]
[Site "Medellin"]
[Date "2021.10.09"]
[Round "7"]
[White "Montoya Echeverri, Sebastian"]
[Black "Negron Lizarazo, Juan Sebastian"]
[Result "1-0"]
[WhiteElo "1647"]
[BlackElo "1542"]
[PlyCount "65"]
[EventDate "2021.10.06"]
[EventType "swiss"]
[EventRounds "9"]
[EventCountry "COL"]
[SourceTitle "EXT 2023"]
[Source "ChessBase"]
[SourceDate "2022.10.05"]
[SourceVersion "1"]
[SourceVersionDate "2022.10.05"]
[SourceQuality "1"]

1. e4 c5 2. Nf3 g6 3. c4 Bg7 4. d4 cxd4 5. Nxd4 Nc6 6. Be3 Nf6 7. Nc3 0-0 8. Be2 d6 9. 0-0 Nxd4 10. Bxd4 a5 11. h3 Bd7 12. Qc2 Bc6 13. Rad1 Nd7 14. Bxg7 Kxg7 15. Kh1 Nc5 16. e5 Qd7 17. Bg4 Qc7 18. exd6 exd6 19. Nd5 Bxd5 20. Rxd5 Rfe8 21. Rfd1 Rad8 22. b3 Ne4 23. Bf3 f5 24. Kg1 Ng5 25. Qc3+ Kf7 26. Rb5 Nxf3+ 27. Qxf3 Re4 28. Rxf5+ gxf5 29. Qxf5+ Kg7 30. Qxe4 Qf7 31. Rd3 Re8 32. Qd4+ Re5 33. f4 1-0

[Event "COL-ch Cat D U1800"]
[Site "Medellin"]
[Date "2021.06.11"]
[Round "2"]
[White "Montoya Echeverri, Sebastian"]
[Black "Leal, Dayana Vanessa"]
[Result "0-1"]
[WhiteElo "1522"]
[BlackElo "1448"]
[PlyCount "42"]
[EventDate "2021.06.10"]
[EventType "swiss"]
[EventRounds "7"]
[EventCountry "COL"]
[SourceTitle "EXT 2022"]
[Source "ChessBase"]
[SourceDate "2021.10.06"]
[SourceVersion "1"]
[SourceVersionDate "2021.10.06"]
[SourceQuality "1"]

1. e4 e5 2. Nf3 Nc6 3. d4 exd4 4. Nxd4 Bc5 5. Be3 Qf6 6. c3 Nge7 7. Nc2 d6 8. Be2 Qg6 9. Nd2 Qxg2 10. Bf3 Qg6 11. Bxc5 dxc5 12. Ne3 Be6 13. Nd5 0-0-0 14. Nxe7+ Nxe7 15. Qa4 Nc6 16. 0-0-0 a6 17. Be2 Bd7 18. Nb3 Nd4 19. Qc4 Bb5 20. Bg4+ Qxg4 21. Qxf7 Ne2+ 0-1